Principles of Quantum Mechanics

Đã lưu trong:
Chi tiết về thư mục
Tác giả chính: Shankar, Ramamurti (Tác giả)
Định dạng: Sách
Ngôn ngữ:Tiếng Anh
Được phát hành: Nueva York Springer 1994
Phiên bản:2a. ed
Những chủ đề:
Các nhãn: Thêm thẻ
Không có thẻ, Là người đầu tiên thẻ bản ghi này!

MARC

LEADER 00000cam a2200000 a 4500
001 UCF4095
003 CL-VaPUC
008 121122e19940000US |||||||||||||||||eng|d
020 |a 9780306447907 
082 0 4 |a 530.12  |b SHA  |2 21 
100 0 |a Shankar, Ramamurti  |e author  |9 565739 
245 1 0 |a Principles of Quantum Mechanics 
250 |a 2a. ed 
300 |a 676 p 
942 |c BK 
945 |d 20121122 00:00:00  |a cmena 
260 |a Nueva York  |b Springer  |c 1994 
650 0 |a Mecánica cuántica  |9 306806 
650 0 |a Teoría cuántica  |9 266148 
583 |a last modification  |c 20121122 14:17:00  |k Rodrigo Vera 
999 |c 350072  |d 350070